Central Library OPAC University of Rajshahi

Payment is good, control is better : (Record no. 66886)

MARC details
000 -LEADER
fixed length control field 00755nam a2200229 a 4500
001 - CONTROL NUMBER
control field 66886
003 - CONTROL NUMBER IDENTIFIER
rucl marc code BD-RjUL
005 - DATE AND TIME OF LATEST TRANSACTION
control field 20211209081605.0
008 - FIXED-LENGTH DATA ELEMENTS--GENERAL INFORMATION
fixed length control field 170320s2005 xxu||||| |||| 00| 0 eng d
020 ## - INTERNATIONAL STANDARD BOOK NUMBER
International Standard Book Number 9792446117
035 ## - SYSTEM CONTROL NUMBER
System control number (BD-RjUL)67017
040 ## - CATALOGING SOURCE
Original cataloging agency BD-RjUL
Language of cataloging eng
Transcribing agency BD-RjUL
041 ## - LANGUAGE CODE
Language code of text/sound track or separate title eng
082 ## - DEWEY DECIMAL CLASSIFICATION NUMBER
Edition number 23
Classification number 634
Author mark and year WUP 2005
100 10 - MAIN ENTRY--PERSONAL NAME
Personal name Wunder, Seven
9 (RLIN) 198050
245 10 - TITLE STATEMENT
Title Payment is good, control is better :
Remainder of title Why payments for forest environmental services in Vietnam have so far remained incipient /
Statement of responsibility, etc. Seven Wunder
260 ## - PUBLICATION, DISTRIBUTION, ETC. (IMPRINT)
Place of publication, distribution, etc. Indonesia :
Name of publisher, distributor, etc. Center for International Foresty Research,
Date of publication, distribution, etc. 2005.
300 ## - PHYSICAL DESCRIPTION
Pagination vi, 61 p. :
Illustrations ill. ;
Size 25 cm.
504 ## - BIBLIOGRAPHY, ETC. NOTE
Bibliography, etc Includes bibliographical reference
650 ## - SUBJECT ADDED ENTRY--TOPICAL TERM
Topical term or geographic name as entry element Forestry
9 (RLIN) 198051
942 ## - ADDED ENTRY ELEMENTS (KOHA)
Source of classification or shelving scheme Dewey Decimal Classification
Koha item type Books
Holdings
Lost status Source of classification or shelving scheme Damaged status Not for loan Collection code Permanent Location Current Location Shelving location Date acquired Source of acquisition Total Checkouts Full call number Date last seen Copy number Koha item type
  Dewey Decimal Classification   Not For Loan Non-fiction Central Library, University of Rajshahi Central Library, University of Rajshahi Reading Room 19/02/2013 R.U.C.L   634 WUP 2005 20/03/2017 C-1 Books